000 00608nam a2200193Ia 4500
008 140925s9999 xx 000 0 und d
020 _a1468-036X
100 _aDoukas, John A.
245 _aEuropean Financial Management /
_cJohn A. Doukas.
_h[electronic resource]
260 _bJohn Wiley & Sons, Inc.,
_cc1999.
516 _aElectronic text
650 _aEuropean.
650 _aFinancial Management.
650 _aManagement.
830 _aJohn Wiley & Sons, Inc.
856 _uhttp://onlinelibrary.wiley.com/journal/10.1111/%28ISSN%291468-036X
942 _cEJ
999 _c275642
_d275642